| 000 | 00724nam a22002177a 4500 | ||
|---|---|---|---|
| 999 |
_c8169 _d8169 |
||
| 001 | 21697 | ||
| 003 | BD-DhUAP | ||
| 005 | 20220728201843.0 | ||
| 008 | 220704b19972015bg ||||| |||| 001 0beng d | ||
| 020 | _a9789843329066 | ||
| 040 |
_aBD-DhUAP _beng _cBD-DhUAP _dBD-DhUAP _eBD-DhUAP |
||
| 082 |
_223 _a342.549206 TAL |
||
| 100 | _aTalukder, S. M. Hassan. | ||
| 245 |
_aDevelopment of administrative law in Bangladesh : _bOutcomes and Prospects / _cS.M. Hassan Talukder. |
||
| 250 | _a3rd. ed. | ||
| 260 |
_aDhaka : _bBangladesh Law Research Centre, _c2015. |
||
| 300 |
_a274 pages ; _c22 cm. |
||
| 504 | _aIncludes bibliographical references and index. | ||
| 650 |
_aAdministrative law _xHistory. _zBangladesh |
||
| 942 |
_2ddc _cBK |
||